000 00640nam a2200217 4500
003 OSt
005 20240723035655.0
006 a
008 240723b |||||||| |||| 00| 0 eng d
020 _a9780071274258
040 _aDWCL-Main lib.
_cOC
082 _2Ninth edition
_aCirc. 658.8 M345 2009
245 _aMarketing in Asia /
250 _aNinth edition
260 _aSingapore:
_bMcGraw-Hill,
_cc2009.
300 _axlvii,
_b764 p. : ill. ;
_c28 cm.
504 _aIncludes bibliographical references & indexes.
650 _a1. Marketing.
700 _aRoger A. Kevin [et al.]
942 _2ddc
_n0
_cBK-CIRC
_eNinth edition
_kCirc.
999 _c2591
_d2591